000 01565nam0a2200361 i 4500
001 RU\NLR\bibl\2043605
005 20240921195949.0
010 _a9785990451223
_9500
021 _aRU
_b2013-38513
_92643
035 _a(NLR Aleph) 002030846
090 _a4549742
_c4549742
100 _a20130614d2012 u||y0rusy50 ca
101 0 _arus
102 _aRU
105 _ay|||z||||00yy
200 1 _aКонцепция активизации социально-педагогического ресурса потребительской кооперации в развитии российского села
_fС. Л. Подкутова
210 _aЛипецк
_cНоволипецкий печатный дом
_d2012
215 _a88 с.
_d21
320 _aБиблиогр.: с. 77-88 (179 назв.)
606 1 _aПотребительская кооперация
_xИстория
_yРоссия
_92473486
_3RU\NLR\AUTH\661468843
606 1 _aСела
_xСоциальное развитие
_yРоссийская Федерация
_92073304
_3RU\NLR\AUTH\661248193
606 1 _aКооперативное образование
_yРоссийская Федерация
_92089091
_3RU\NLR\AUTH\661568204
686 1 _aУ42(28)108
686 1 _aУ42(2)108
686 1 _aУ32(2)-961(2Р)
686 1 _aЧ459.34(2Р)
700 1 _aПодкутова
_bС. Л.
_gСветлана Леонидовна
801 0 _aRU
_bNLR
_c20130614
_gRCR
801 1 _aRU
_bNLR
_c20130614
942 _cBOOK
980 _aNBR